Welding and metal fabrication
Gespeichert in:
| 1. Verfasser: | |
|---|---|
| Format: | Buch |
| Sprache: | Englisch |
| Veröffentlicht: |
Delmar Cengage Learning
2012
|
| Tags: |
Tag hinzufügen
Keine Tags, Fügen Sie den ersten Tag hinzu!
|
MARC
| LEADER | 00000nam a22000007a 4500 | ||
|---|---|---|---|
| 008 | 211026b ||||| |||| 00| 0 eng d | ||
| 020 | |a 978-1-1113-0805-6 | ||
| 100 | |a JEFFUS, Larry. | ||
| 245 | |a Welding and metal fabrication |c Larry Jeffus |g xxv, 822p.; ill. | ||
| 260 | |b Delmar Cengage Learning |c 2012 |h New York |i 690877 |i 690876 - Tech |l TS227 .J38 |m Welding. |m Metal work |m Welding - Programmed instruction |m Title. | ||
| 500 | |a “It includes index”. | ||
| 942 | |a lcc |c BK |e j. o. ifatola |f 26/ 10/ 2021 | ||
| 952 | |0 0 |1 0 |2 lcc |4 0 |6 TS0227 J38 |7 0 |9 3678 |a HOL |b HOL |c QZ |d 2021-10-26 |l 0 |o TS227 .J38 |p 2021-67414 |r 2021-10-26 00:00:00 |w 2021-10-26 |y BK | ||
| 952 | |0 0 |1 0 |2 ddc |4 0 |6 TS_227_000000000000000__J38 |7 0 |9 3679 |a HOL |b TL |d 2021-10-26 |l 0 |o TS227 .J38 |p 2021-67415 |r 2021-10-26 00:00:00 |w 2021-10-26 |y BK | ||
| 999 | |c 1829 |d 1829 | ||